|
|
|
|
| LEADER |
02897nam a2200445 a 4500 |
| 001 |
EBC468270 |
| 003 |
MiAaPQ |
| 005 |
20200520144314.0 |
| 006 |
m o d | |
| 007 |
cr cn||||||||| |
| 008 |
080123s2008 ne a sb 001 0 eng |
| 010 |
|
|
|z 2008003227
|
| 015 |
|
|
|a GBA816322
|2 bnb
|
| 016 |
7 |
|
|z 014514651
|2 Uk
|
| 016 |
7 |
|
|z B0803285
|2 bccb
|
| 020 |
|
|
|z 9789004163621 (hardback : alk. paper)
|
| 020 |
|
|
|z 900416362X (hardback : alk. paper)
|
| 035 |
|
|
|a (MiAaPQ)EBC468270
|
| 035 |
|
|
|a (Au-PeEL)EBL468270
|
| 035 |
|
|
|a (CaPaEBR)ebr10363922
|
| 035 |
|
|
|a (CaONFJC)MIL239784
|
| 035 |
|
|
|a (OCoLC)632123658
|
| 040 |
|
|
|a MiAaPQ
|c MiAaPQ
|d MiAaPQ
|
| 043 |
|
|
|a e------
|
| 050 |
|
4 |
|a HN373.5
|b .S585 2008
|
| 082 |
0 |
4 |
|a 302.094
|2 22
|
| 245 |
0 |
0 |
|a Social capital in Europe
|h [electronic resource] :
|b similarity of countries and diversity of people? : multi-level analyses of the European social survey 2002 /
|c edited by Heiner Meulemann.
|
| 260 |
|
|
|a Leiden ;
|a Boston :
|b Brill,
|c 2008.
|
| 300 |
|
|
|a vi, 328 p. :
|b ill.
|
| 490 |
1 |
|
|a International comparative social studies,
|x 1568-4474 ;
|v v. 16
|
| 504 |
|
|
|a Includes bibliographical references and indexes.
|
| 505 |
0 |
|
|a Introduction / Heiner Meulemann -- Part I. Causes of social capital. Does the state affect the informal connections between its citizens? New institutionalist explanations of social participation in everyday life / Tom Van der Meer, Peer Scheepers, and Manfred te Grotenhuis; Is altruism more effective where it is required more? Collectivity-orientation and involvement in interest, issue and religious associations / Heiner Meulemann; What makes people trust in their fellow citizens? / Katja Neller; What determines citizens' normative conception of their civic duties / Bas Denters and Henk van der Kolk; Why television does erode social capital and why newspaper reading does not / Rudiger Schmitt-Beck -- Part II. Consequences of social capital. Social capital and political involvement / Jan W. van Deth; Social capital and political trust / Oscar W. Gabriel and Melanie Walter-Rogg; Explaining level and equality of political participation. The role of social capital, socioeconomic modernity, and political institutions / Edeltraud Roller and Tatjana Rudi; Social capital and empowerment at the work place / Heiner Meulemann -- Conclusion. Retrospect and prospect / Max Kaase.
|
| 533 |
|
|
|a Electronic reproduction. Ann Arbor, MI : ProQuest, 2015. Available via World Wide Web. Access may be limited to ProQuest affiliated libraries.
|
| 650 |
|
0 |
|a Social capital (Sociology)
|z Europe.
|
| 651 |
|
0 |
|a Europe
|x Social conditions.
|
| 655 |
|
4 |
|a Electronic books.
|
| 700 |
1 |
|
|a Meulemann, Heiner.
|
| 710 |
2 |
|
|a ProQuest (Firm)
|
| 830 |
|
0 |
|a International comparative social studies ;
|v v. 16.
|
| 856 |
4 |
0 |
|u https://ebookcentral.proquest.com/lib/matrademy/detail.action?docID=468270
|z Click to View
|